| 000 | 00657 a2200229 4500 | ||
|---|---|---|---|
| 260 | _aParis | ||
| 630 | _a55 - Géologie. Sciences géologiques et géophisiques. Mètèologie | ||
| 650 | _a5 - SCIENCE PURE | ||
| 100 | _aSlansky, Maurice | ||
| 440 | _n11 | ||
| 260 | _bTechnique | ||
| 245 | _aContribution à l'étude géologique du bassin sédimentaire côtier du Dahomey etdu Togo | ||
| 300 | _a241p | ||
| 650 | _aS&diment : géologie : Dahomey : Togo | ||
| 260 | _c1962 | ||
| 300 | _b27 cm | ||
| 100 | _lFr. | ||
| 440 | _aMémoires du bureau de recherches géologiques et minières | ||
| 037 | _aL. 5000 | ||
| 999 |
_c44240 _d44240 |
||